Państwa mające mniej niż 500 000 mieszkańców - Statystyki

Ogólne statystyki
  • Ten quiz został rozwiązany 74 razy
  • Średni wynik to 22 z 29
Statystyki odpowiedzi
Populacja Państwo Kontynent % Poprawnych
839 Watykan Europa
100%
36 136 Monako Europa
94%
37 009 Liechtenstein Europa
93%
85 293 Andora Europa
91%
32 448 San Marino Europa
88%
9 434 Nauru Oceania
85%
411 277 Malta Europa
82%
21 108 Palau Oceania
82%
393 988 Malediwy Azja – Ocean Indyjski
78%
106 104 Mikronezja Oceania
76%
51 134 Saint Kitts i Nevis Karaiby
76%
162 781 Saint Lucia Karaiby
76%
261 565 Vanuatu Oceania
75%
69 747 Wyspy Marshalla Oceania
75%
73 286 Dominika Karaiby
73%
103 220 Saint Vincent i Grenadyny Karaiby
72%
195 476 Samoa Oceania
72%
90 846 Seszele Afryka – Ocean Indyjski
72%
10 698 Tuvalu Oceania
72%
103 248 Kiribati Oceania
70%
319 031 Bahamy Karaiby
69%
288 725 Barbados Karaiby
67%
334 297 Belize Ameryka Środkowa
67%
315 281 Islandia Europa
67%
106 322 Tonga Oceania
67%
186 817 Wyspy Świętego Tomasza i Książęca Afryka – Ocean Atlantycki
67%
109 590 Grenada Karaiby
66%
90 156 Antigua i Barbuda Karaiby
64%
415 717 Brunei Azja
61%
Nie znaleziono quizów pasujących do podanych kryteriów
Rozkład punktacji
Procent ludzi z każdym wynikiem
Percentyl według liczby udzielonych odpowiedzi
Twoja historia wyników
Nie rozwiązałeś tego quizu